000 00776nam a22002417a 4500
003 DO-SdBPM
005 20250521113438.0
008 161205b1994 sp a 00| 0 spa d
020 _a842415522X
040 _aDO-SdBPM
_bspa
_cBPMSU
082 4 _a839.81
_bA544p 994
_222
100 1 _aAndersen, Hans Christian
245 1 3 _a Pulgarcita /
_cHans Christian Andersen ; ilustraciones Toril Maro Henrichsen
260 _aMadrid :
_bEditorial Everest,
_c1994
300 _a29 p. :
_bil.,;
_c26 cm.
490 0 _a Cuentos de hadas Everest
590 _aInventariado, 2025/VM
650 4 _aCuentos infantiles daneses
650 4 _aLibros ilustrados para niƱos
700 1 _aHenrichsen, Toril Maro
_eilustración
910 _aVMateo V. Control de calidad. BPMSU
942 _2ddc
_cBK
999 _c15069
_d15069